| 000 | 00420pab a2200157 454500 | ||
|---|---|---|---|
| 008 | 180718b2017 xxu||||| |||| 00| 0 eng d | ||
| 100 | _aKolay, Somnath | ||
| 245 | _aModern predicament and relevance of Rabindranath's thoughts and wisdom | ||
| 260 | _c2017 | ||
| 300 | _ap.19-24. | ||
| 362 | _a07 Aug | ||
| 650 | _aTagore, Rabindranath | ||
| 700 | _aChandra, N.D.R. | ||
| 773 | _aUniversity News | ||
| 909 | _a115686 | ||
| 999 |
_c115680 _d115680 |
||